000 00539nam a22001817a 4500
005 20260410120714.0
008 260410b |||||||| |||| 00| 0 eng d
037 _cDSWL
040 _aDSWL
_cDSWL
041 _heng
245 _aGender and Social Work : Positions and Practices
260 _aNew Delhi,
_bRegal Publication,
_c2017
300 _a262p
365 _aINR
_b990
700 _aMeenu Anand Ed.
_91234643
942 _2CC
_cTEXL
_n0
999 _c1848214
_d1848214